00511nam a2200229Ia 4500008004000000041000800040082001200048100001600060245006500076260003900141650001300180650000800193650001100201650001000212650000900222650000700231650000700238650000600245650001300251650001100264650000600275210210b1905 xxu||||| |||| 00| 0 eng d aeng a516/126 aROUTH (E J) aTreatise on the dynamics of a system of rigid bodies Part II aLondonbMacmillan & Co. Ltd.c1905 aTreatise athe asystem arigid aPart aon aof aI adynamics abodies aa